Človek, ktorý vyžadoval dôslednosť Juraj Dimitrov - vynikajúci vodca bulharského proletariátu

Bibliographic Details
Main Author: Zavarský, Pavol (Author)
Format: Article
Language:Slovak
PhysicalDescription:Obr. 1.
Subjects:

MARC

LEADER 00000nab a2200000 a 4500
001 vtls000118020
003 SK-MaSNL
005 20260303023731.0
008 150501c1982 xo 0 slo
015 |a SNBRB19rr/mm-uuuuu 
035 |a CL0128125 
040 |a SNKBUCL  |b slo  |c SNKBUCL  |e AACR2 
041 0 |a slo 
044 |a xo  |c SK 
080 |a 329.15(100-11)  |2 1981 
080 |a 323.4  |2 1981 
100 1 |a Zavarský, Pavol  |4 aut  |9 944416 
245 1 0 |a Človek, ktorý vyžadoval dôslednosť  |b Juraj Dimitrov - vynikajúci vodca bulharského proletariátu  |c Pavol Zavarský 
300 |b Obr. 1. 
600 1 7 |a Dimitrov, Georgi,  |d 1882-1949  |2 snkbucl  |9 180547 
655 7 |a články z novín a časopisov  |2 snkbucl  |9 267496 
773 0 |t Ľud  |g Roč. 35, č. 142 (17. 6. 1982), s. 7 
850 |a Slovenská národná knižnica v Martine  |a MTA001 
852 |a SNK  |b KIS3GCP 
958 |a RK 
958 |a BG 
992 |a RBX 
999 |c 1636121  |d 1638051